000 00532nam a2200193Ia 4500
005 20250326142306.0
008 250326s9999 xx 000 0 und d
020 _a81-900204-2-0
037 _aTextbook
040 _aFMSL
_beng
_cFMSL
041 _aeng
_2eng
084 _aX8(D5133) P1
_qFMSL
100 _aMohnot S R
245 0 _aAutomobile industry: 2001 & beyond
_cMohnot S R And Others
260 _aIndia
_bIndia, CIER
_c2001
300 _a454p
942 _cTB
_hX8(D5133) P1
999 _c1294326
_d1294326